000 00579cam a2200217 i 4500
001 3210338
005 20180228090343.0
008 781012s1979 nyua 000 0beng
010 _a 78021706
020 _a0517537400
040 _aDLC
_cDLC
_dDLC
041 1 _aeng
080 _a759.13 JAY
082 0 0 _a759.13 JAY
_aB
100 1 _a42
101 _aART
240 1 0 _aCassatt.
_lEnglish
245 1 0 _aMary Cassatt /
_cby Jay Roudebush ; [translated from the French by Alice Sachs].
906 _a7
_bcbc
_corignew
_d1
_eocip
_f19
_gy-gencatlg
942 _2ddc
_cBK
999 _c43726
_d43726